书目信息 |
| 题名: |
图说茶文化
|
|
| 作者: | 黄晓燕 著 | |
| 分册: | ||
| 出版信息: | 北京 华文出版社 2009.06 |
|
| 页数: | 178页 | |
| 开本: | 24cm | |
| 丛书名: | 图说经典 | |
| 单 册: | ||
| 中图分类: | TS971-64 , G12-64 | |
| 科图分类: | ||
| 主题词: | 传统文化--Chuan Tong Wen Hua--中国--图解 | |
| 电子资源: | ||
| ISBN: | 978-7-5075-2597-7 | |
| 000 | 00796nam 2200253 450 | |
| 001 | CAL 012009120540 | |
| 005 | 20111228162153.82 | |
| 010 | @a978-7-5075-2597-7@dCNY29.80 | |
| 100 | @a20110924d2009 em y0chiy0120 ea | |
| 101 | 0 | @achi |
| 102 | @aCN@b110000 | |
| 105 | @aa z 000yy | |
| 200 | 1 | @a图说茶文化@ATu Shui Cha Wen Hua@f黄晓燕著 |
| 210 | @a北京@c华文出版社@d2009.06 | |
| 215 | @a178页@c图@d24cm | |
| 225 | 2 | @a图说经典@ATu Shui Jing Dian@i图说中国文化 |
| 330 | @a本套书包括历史遗迹、名家名画、实物照片等。 | |
| 410 | 0 | @12001 @a图说经典@i图说中国文化 |
| 606 | 0 | @a传统文化@AChuan Tong Wen Hua@y中国@j图解 |
| 690 | @aTS971-64 | |
| 690 | @aG12-64@v5 | |
| 701 | 0 | @a黄晓燕@AHuang Xiao Yan@4著 |
| 801 | 0 | @aCN@bHNDDDT@c20111228 |
| 905 | @a郑州市财税学校图书馆@dG12-64@eH900@f6 | |
| 图说茶文化/黄晓燕著.-北京:华文出版社,2009.06 |
| 178页:图;24cm.-(图说经典.图说中国文化) |
| ISBN 978-7-5075-2597-7:CNY29.80 |
| 本套书包括历史遗迹、名家名画、实物照片等。 |
| ● |
| 相关链接 |
|
|
|
正题名:图说茶文化
索取号:G12-64/H900
 
预约/预借
| 序号 | 登录号 | 条形码 | 馆藏地/架位号 | 状态 | 备注 |
| 1 | 1186342 | 211863429 | 社科库409/422社科库 43排2列4层/ [索取号:G12-64/H900] | 在馆 | |
| 2 | 1186343 | 211863438 | 社科库409/409社科库 56排2列4层/ [索取号:G12-64/H900] | 在馆 | |
| 3 | 1186344 | 211863447 | 社科库409/422社科库 48排1列5层/ [索取号:G12-64/H900] | 在馆 | |
| 4 | 1190800 | 211908006 | 社科库409/409社科库 56排2列5层/ [索取号:G12-64/H900] | 在馆 | |
| 5 | 1190801 | 211908015 | 社科库409/409社科库 56排2列4层/ [索取号:G12-64/H900] | 在馆 | |
| 6 | 1190802 | 211908024 | 社科库409/409社科库 56排2列4层/ [索取号:G12-64/H900] | 在馆 |